[Event "CZE-chT2D 1213"]
[Site "Czech Republic"]
[Date "2012.11.18"]
[Round "3.6"]
[White "Fiala, Vlastimil"]
[Black "Bujnoch, Radek"]
[Result "1/2-1/2"]
[WhiteElo "2080"]
[BlackElo "2207"]
[PlyCount "55"]
[EventDate "2012.10.14"]
[EventType "team-tourn"]
[EventRounds "11"]
[EventCountry "CZE"]
[SourceTitle "EXT 2016"]
[Source "ChessBase"]
[SourceDate "2015.10.08"]
[SourceVersion "1"]
[SourceVersionDate "2015.10.08"]
[SourceQuality "1"]
[WhiteTeam "Olomouc Garde"]
[BlackTeam "Chrudim"]
[WhiteTeamCountry "CZE"]
[BlackTeamCountry "CZE"]

1. e4 c5 2. Nf3 Nc6 3. d4 cxd4 4. Nxd4 Nf6 5. Nc3 e5 6. Ndb5 d6 7. Bg5 a6 8. Na3 b5 9. Nd5 Be7 10. Bxf6 Bxf6 11. c3 Bg5 12. Nc2 Ne7 13. Ncb4 0-0 14. a4 bxa4 15. Rxa4 a5 16. Nxe7+ Qxe7 17. Nd5 Qb7 18. Ra2 Be6 19. Bc4 Rfc8 20. Qd3 Rc5 21. 0-0 Qc6 22. b3 Rc8 23. Rd1 g6 24. g3 Bd8 25. f4 Bxd5 26. exd5 Qb6 27. Kg2 Bf6 28. f5 1/2-1/2

[Event "CZE-chT2E 0809"]
[Site "Czech Republic"]
[Date "2009.04.05"]
[Round "11.5"]
[White "Vavruska, Antonin"]
[Black "Fiala, Vlastimil"]
[Result "1-0"]
[WhiteElo "2150"]
[BlackElo "1997"]
[PlyCount "73"]
[EventDate "2008.10.12"]
[EventType "team-tourn"]
[EventRounds "11"]
[EventCountry "CZE"]
[SourceTitle "EXT 2010"]
[Source "ChessBase"]
[SourceDate "2010.11.25"]
[SourceVersion "1"]
[SourceVersionDate "2010.11.25"]
[SourceQuality "1"]
[WhiteTeam "Stare Mesto II"]
[BlackTeam "Olomouc"]
[WhiteTeamCountry "CZE"]
[BlackTeamCountry "CZE"]

1. e4 c5 2. b4 cxb4 3. d4 d5 4. exd5 Qxd5 5. c4 bxc3 6. Nxc3 Qd8 7. Nf3 Nf6 8. Bc4 e6 9. 0-0 Be7 10. Re1 0-0 11. Bf4 Nd5 12. Bxd5 exd5 13. Qb3 Nc6 14. Nxd5 Be6 15. Nxe7+ Qxe7 16. d5 Qb4 17. Qxb4 Nxb4 18. dxe6 Nc2 19. e7 Rfe8 20. Rac1 Nxe1 21. Rxe1 Rac8 22. g3 g6 23. Nd2 f5 24. Nf3 Rc4 25. Bd6 b5 26. Ng5 Rc6 27. Re6 Rxd6 28. Rxd6 Rxe7 29. Ra6 Rd7 30. Nf3 Kf8 31. Ne5 Rd5 32. f4 Rd1+ 33. Kg2 Rd2+ 34. Kh3 g5 35. fxg5 Re2 36. Nf3 Re3 37. Nd4 1-0

[Event "CZE-chT2E 0809"]
[Site "Czech Republic"]
[Date "2009.02.22"]
[Round "9.4"]
[White "Fiala, Vlastimil"]
[Black "Vesely, Jaromir"]
[Result "1-0"]
[WhiteElo "1997"]
[BlackElo "2046"]
[PlyCount "127"]
[EventDate "2008.10.12"]
[EventType "team-tourn"]
[EventRounds "11"]
[EventCountry "CZE"]
[SourceTitle "EXT 2010"]
[Source "ChessBase"]
[SourceDate "2010.11.25"]
[SourceVersion "1"]
[SourceVersionDate "2010.11.25"]
[SourceQuality "1"]
[WhiteTeam "Olomouc"]
[BlackTeam "Brno Lokomotiva II"]
[WhiteTeamCountry "CZE"]
[BlackTeamCountry "CZE"]

1. e4 e6 2. d4 d5 3. Nd2 f5 4. exf5 exf5 5. Ngf3 Nf6 6. Ne5 Bd6 7. Ndf3 0-0 8. Bd3 c5 9. c3 Nc6 10. 0-0 cxd4 11. cxd4 Qb6 12. Nxc6 bxc6 13. Qa4 Bd7 14. Ne5 Bxe5 15. dxe5 Ng4 16. Bf4 Rae8 17. Rae1 Re6 18. h3 Nh6 19. Be3 Qb7 20. Bc5 Ra8 21. Qc2 g6 22. f4 Nf7 23. g4 Nh6 24. Qg2 Ree8 25. g5 Nf7 26. Re2 Be6 27. h4 Nd8 28. Qh3 Qg7 29. b4 Bf7 30. Qe3 Ne6 31. Bxa7 Qf8 32. Rb2 Qe7 33. Bd4 Ra3 34. Rf3 Rea8 35. Rff2 Be8 36. Rfd2 R8a4 37. Bc5 Qd8 38. Qf2 Rc3 39. Bc2 Nxc5 40. bxc5 Rac4 41. Rb7 Qa8 42. Rb2 Qa3 43. Bb3 Re4 44. Re2 Qxc5 45. Qxc5 Rxc5 46. Rf2 Rc3 47. Bc2 Re1+ 48. Kg2 Bf7 49. Rb8+ Kg7 50. Rb7 c5 51. Ba4 c4 52. Be8 Kf8 53. Bxf7 d4 54. Rc7 Rec1 55. Rb2 R1c2+ 56. Rxc2 Rxc2+ 57. Kf3 c3 58. e6 Rxa2 59. Rc8+ Ke7 60. Re8+ Kd6 61. Rd8+ Ke7 62. Rxd4 c2 63. Rc4 Kd6 64. Ke3 1-0

[Event "CZE-chT2E 0809"]
[Site "Czech Republic"]
[Date "2008.10.12"]
[Round "1.7"]
[White "Fiala, Vlastimil"]
[Black "Slovak, Pavel"]
[Result "1-0"]
[WhiteElo "1997"]
[BlackElo "2051"]
[PlyCount "55"]
[EventDate "2008.10.12"]
[EventType "team-tourn"]
[EventRounds "11"]
[EventCountry "CZE"]
[SourceTitle "EXT 2010"]
[Source "ChessBase"]
[SourceDate "2010.11.25"]
[SourceVersion "1"]
[SourceVersionDate "2010.11.25"]
[SourceQuality "1"]
[WhiteTeam "Olomouc"]
[BlackTeam "Zlin II"]
[WhiteTeamCountry "CZE"]
[BlackTeamCountry "CZE"]

1. e4 c5 2. Nf3 d6 3. d4 cxd4 4. Nxd4 Nf6 5. Nc3 a6 6. Bc4 e6 7. Bb3 Be7 8. Be3 0-0 9. Qe2 Qc7 10. g4 Nc6 11. g5 Nd7 12. Rg1 Nc5 13. Rg3 g6 14. h4 Nxb3 15. axb3 d5 16. exd5 Nxd4 17. Bxd4 Bd6 18. Ne4 f5 19. Nxd6 Qxd6 20. 0-0-0 exd5 21. Be5 Re8 22. Re3 Qc6 23. Bc3 Kf7 24. Rxe8 Qxe8 25. Qd2 Be6 26. Qd4 Qg8 27. Re1 Ke7 28. Qxd5 1-0

[Event "CZE-chT2e 0607"]
[Site "Czech Republic"]
[Date "2007.02.11"]
[Round "7.5"]
[White "Fiala, Vlastimil"]
[Black "Bures, Jaroslav"]
[Result "0-1"]
[WhiteElo "2062"]
[BlackElo "2060"]
[PlyCount "70"]
[EventDate "2006.10.15"]
[EventType "team"]
[EventRounds "11"]
[EventCountry "CZE"]
[SourceTitle "EXT 2009"]
[Source "ChessBase"]
[SourceDate "2008.11.26"]
[SourceVersion "1"]
[SourceVersionDate "2008.11.26"]
[SourceQuality "1"]

1. d4 Nf6 2. Bg5 Ne4 3. Bf4 d5 4. e3 b6 5. c3 Bb7 6. Nf3 e6 7. Ne5 Bd6 8. Bb5+ c6 9. Ba4 g5 10. Qh5 Qc7 11. Nxf7 Qxf7 12. Qxf7+ Kxf7 13. Bxd6 Nxd6 14. Nd2 Nd7 15. 0-0-0 Raf8 16. Rde1 Ke7 17. f3 Rhg8 18. e4 dxe4 19. Nxe4 Nxe4 20. Rxe4 c5 21. d5 Bxd5 22. Rd1 Nf6 23. Re5 Kd6 24. Re2 c4 25. b3 Kc5 26. Rxe6 cxb3 27. axb3 Bxe6 28. b4+ Kc4 29. Kc2 Bf5+ 30. Kb2 Rd8 31. Bb3+ Kb5 32. Ra1 a5 33. c4+ Ka6 34. c5 Rd2+ 35. Kc1 Rxg2 0-1